高等学校生徒数が1万人以上の市区町村 - Statistics

General Stats
  • This quiz has been taken 39 times
  • The average score is 47 of 56
Answer Stats
Answer 24年高等学校生徒数 25年1月住基人口 % Correct
横浜市 80,096 3,626,654
100%
大阪市 69,301 2,589,636
100%
名古屋市 65,057 2,202,502
100%
京都市 40,874 1,312,599
100%
広島市 31,489 1,150,473
100%
川崎市 21,567 1,479,291
100%
福岡市 42,893 1,556,412
97%
札幌市 40,838 1,935,093
97%
神戸市 37,604 1,434,404
97%
さいたま市 35,596 1,315,796
97%
千葉市 26,231 944,521
97%
熊本市 25,641 720,714
97%
浜松市 21,672 753,751
97%
岡山市 20,444 679,070
97%
静岡市 18,291 658,905
97%
相模原市 15,078 695,979
97%
仙台市 30,227 1,046,798
94%
鹿児島市 17,469 586,312
94%
堺市 16,975 792,372
94%
宇都宮市 15,784 502,238
94%
高崎市 10,786 358,321
94%
金沢市 17,024 435,125
90%
大分市 14,157 468,046
90%
八王子市 13,938 542,333
90%
船橋市 13,286 625,662
90%
長崎市 10,108 385,642
90%
世田谷区 24,943 895,008
87%
北九州市 23,607 896,249
87%
新潟市 19,521 754,384
87%
岐阜市 14,490 387,167
87%
宮崎市 13,699 391,028
87%
高松市 11,358 410,907
87%
杉並区 15,844 554,858
84%
柏市 12,773 424,248
84%
水戸市 11,992 263,038
84%
市川市 11,592 472,905
84%
富山市 11,413 394,441
84%
松山市 14,219 491,638
81%
那覇市 11,043 305,536
81%
和歌山市 10,886 348,370
77%
福井市 10,456 248,430
77%
姫路市 12,170 509,100
74%
東大阪市 10,769 455,345
74%
川越市 13,278 341,483
68%
倉敷市 12,179 465,138
68%
藤沢市 12,046 436,552
68%
西宮市 11,736 471,931
68%
横須賀市 10,389 371,536
68%
港区 12,521 245,166
65%
岡崎市 10,803 368,212
61%
豊中市 10,212 398,178
61%
文京区 14,949 219,422
58%
高知市 10,146 309,868
58%
豊島区 12,104 258,284
55%
福山市 10,669 443,221
55%
千代田区 10,682 64,727
48%
No matching quizzes found
Score Distribution
Percent of People with Each Score
Percentile by Number Answered
Your Score History
You have not taken this quiz